| 000 | 00366nam a2200157Ia 4500 | ||
|---|---|---|---|
| 100 | _aKothandaraman/C.P | ||
| 650 | _aHeat and Mass | ||
| 942 | _cBK | ||
| 366 | _f20 | ||
| 654 | _aheat | ||
| 245 | _aFundamentals Of Heat and Mass Transfer | ||
| 260 |
_bNew Age Int (P) Ltd _aMumbai _c2006 |
||
| 082 |
_a621.4022/KOT _bKOT |
||
| 300 | _a712 | ||
| 546 | _aENGLISH | ||
| 999 |
_c25420 _d25420 |
||